| 000 | 01478nam a22003495 4500 | ||
|---|---|---|---|
| 001 | 193459 | ||
| 003 | SpMaBN | ||
| 005 | 20250809063547.0 | ||
| 008 | 951221s1994 sp | ||| ||heb | ||
| 016 | 7 |
_abimoBNE19950377906 _2SpMaBN |
|
| 017 |
_aNA 775-1994 _bOficina Depósito Legal Navarra |
||
| 020 | _a842351286X | ||
| 035 | _a(OCoLC)733630069 | ||
| 040 |
_aSpMaBN _bspa _cSpMaBN _erdc _dES-MaACL |
||
| 080 | _a910.4(100)"11" | ||
| 100 |
_aBenjamín de Tudela, _d1130-1173 _0XX943273 _9234730 |
||
| 240 | 1 | 0 |
_aSefer Masa'ot. _lPolíglota |
| 245 | 1 | 0 |
_aBidaien liburua / _cBenjamin Tuterakoa = Libro de viajes / Benjamín de Tudela ; [traducción vasca Xabier Kintana ; traducción castellana, José Ramón Magdalena] |
| 250 | _a1ª ed. | ||
| 260 |
_a[Pamplona] : _bDepartamento de Presidencia ; _a= [Iruñea] : _bLehendakaritzaDepartamentua, _c1994. |
||
| 300 |
_a220 p. : _bil. ; _c24 cm |
||
| 594 | _aTexto en hebreo y tradución en vasco y castellano | ||
| 650 | 0 |
_aViajes _yS.XII _2embne _9234731 |
|
| 852 |
_aES-MaACL _bR.154855 _cDEPOJ _hDonación: José Lázaro García _jN-9636 _9201110 _xEncuadernación rústica con solapas |
||
| 903 |
_9234219 _aLázaro García, José _ednr |
||
| 942 |
_2udc _cMONOGRAFIA _n0 |
||
| 999 |
_c193459 _d193459 |
||